Biggest US-Mexico border Cities - Statistics

General Stats
  • This quiz has been taken 17 times
  • The average score is 15 of 30
Answer Stats
State Population City % Correct
California 3,510,577 San Diego
100%
Chihuahua 1,628,550 Ciudad Juárez
94%
Texas 1,007,958 El Paso
94%
Baja California 2,511,782 Tijuana
94%
Texas 1,166,857 McAllen
88%
Baja California 1,219,504 Mexicali
88%
Texas 315,257 Brownsville
82%
Texas 271,505 Laredo
71%
Tamaulipas 615,705 Matamoros
71%
California 40,206 Calexico
65%
Tamaulipas 1,005,288 Reynosa
65%
Sonora 317,461 Nogales
59%
Arizona 21,506 Nogales
59%
Texas 46,016 Eagle Pass
41%
Coahuila 205,155 Piedras Negras
41%
Texas 39,971 Del Rio
35%
Tamaulipas 593,120 Nuevo Laredo
35%
Arizona 38,193 San Luis
35%
Coahuila 216,099 Ciudad Acuña
29%
California 28,405 Imperial Beach
29%
Texas 90,248 Mission
29%
Baja California 132,406 Tecate
29%
Texas 82,399 Pharr
24%
Texas 18,412 Rio Grande City
24%
Sonora 207,573 San Luis Río Colorado
24%
Sonora 105,641 Agua Prieta
18%
Texas 36,310 Socorro
18%
Chihuahua 38,615 Ojinaga
12%
Sonora 23,408 Sonoyta
12%
Tamaulipas 29,551 Ciudad Miguel Alemán
0%
No matching quizzes found
Score Distribution
Percent of People with Each Score
Percentile by Number Answered
Your Score History
You have not taken this quiz